000 00951nas a2200313 4500
001 BR0301851
003 BR-BrBNA
005 20231205103707.0
007 ta
008 230509b bl.|||p| |||| 00| 00por d
040 _aBR-BrBNA
_bpor
_cBiblioteca Nacional de Agricultura
041 _a(Pt)
072 _aF30
100 1 _aSiviero, A.
100 1 _aCristofani, M.
100 1 _aBoava, L.P.
100 1 _aMachado, M.A.
245 1 _aMapeamento de QTLs associados à produção de frutos e sementes em híbridos de citrus Sunki vs. Poncirus trifoliata
650 _aFRUTA CÍTRICA
650 _aLIMOEIRO TRIFOLIADO
650 _aCRUZAMENTO VEGETAL
650 _aFRUTO
650 _aPROGÊNIE
650 _aGENÓTIPO
650 _aSÃO PAULO
773 0 _tRevista Brasileira de Fruticultura (Brazil)
_xISSN 0100-2945
_g(Dec 2002), v. 24(3) p. 741-743
_wBR0301851
909 _a202311
_bLúcia
_c55
_dLúcia Elande
942 _2AGRIS
_n0
_cANA
999 _c174252
_d174252